00867cam a2200253 a 4500001000500000005001700005020001800022040001800040050002100058082000900079100001700088245011900105250001900224260004400243300005900287490002000346505000800366520013300374521002000507521002000527650002000547700002900567700001700596320220260311082437.0 a9780061561887 aDLCcDLCbeng00aPZ7.R2175b 200800a560 1 aRaymond, N.T10aBatman versus the joker /cadapted by N.T. Raymond ; pencils by Stewart, Cameron ; digital paints by McCaig, Dave aFirst Edition  aNew York : bHarperEntertainment,c2008 a24 unnumbered pages : bcolor illustrations ; c21 cm.0 aThe Dark knight aE  aWhen the Joker robs Gotham's First National Bank, Batman pursues him through crowded city streets and fights him in a toy store. a270 bLexile  aE bRaz-Plus  abatmanvfiction1 aStewart, Camerond1976?-1 aMcCaig, Dave